000 00288nam a22001337a 4500
003 SGT
020 _a9788123022147
082 _a080
_bC16B
100 _aBOBDE, SHARAD ARVIND
245 _aCOURTS OF INDIA
260 _bPUBLICATIONS DIVISION GOI
_c2016
300 _a512
942 _2ddc
_cBK
999 _c31464
_d31464